00751 2200205 4500001002100000005001500021035002000036008004100056245003900097100001400136250000600150260002800156300001200184020002200196084001400218520028300232082000800515650001000523990001200533INLIS00000000000003620240711093746 a0010-0424000012240711 1 ind 1 aMerajut Benang Cahaya /cArrifa'ah aArrifa'ah a1 aJakarta :bQibla,c2014 a189 hlm a978-602-249-772-1 a813 ARR m aHidup adalah rangkaian perjalanan yang kita lalui seiring dengan derap waktu. Terkadang, kita melangkah terlalu cepat, sehingga tak sadar pada benang-benang cahaya hikmah yang sejatinya selalu saja ada di balik berbagai peristiwa, bahkan yang kita anggap paling biasa sekalipun. a813 4aFiksi a0737345